000 nam a22 a 4500
999 _c142201
_d142201
003 BLK
005 20230111130033.0
008 180409b bul|||||r ||||||| ||bul||
010 _aKNG00148287000
040 _aBLK
041 _aBUL
_cBUL
080 _aБългарска литература
_b821.163.2
_x-93-1
_z821.163.2-93-1
100 1 _aПрокопова, Първолета Атанасова
_eпърви автор
_9283951
139 _aПрокопова, Първолета Атанасова
_bП 91
245 1 0 _aДунавски лозници
_bСтихотворения за деца
_cПърволета Атанасова Прокопова; худож. Михалис Гарудис.
257 _aBGR
260 _bБълг. писател
_c1974
_fСофия : ДПК Д. Благоев
_aСофия
300 _a51 с.
_bс ил.
_c20 см
380 _aDX
500 _a4 100 тир.
653 _aдетска литература
653 _aлитература за деца
700 1 _aГарудис, Михалис
_eхудож.
_9302809
852 _aЦб 261971
856 4 _qpdf
_i0.00
_ldisable
856 4 _qpdf
_i0.00
_ldisable
942 _cKNG
_n0
_s1
944 _aCR
_c02.08.2013
_l02.08.2013 - от С1,Р / 02.08.2013
_kИвелин_Иванов
944 _aED
_c14.09.2017
_l02.08.2013 - от С1,Р / 02.08.2013
_kНаталия_Любомирова
999 _d142201